[Event "7th Uppsala Young Champions"]
[Site "Uppsala"]
[Date "2020.10.24"]
[Round "3.16"]
[White "Heimisson, Hilmir Freyr"]
[Black "Ruzic, Pia Marie"]
[Result "1-0"]
[WhiteElo "2352"]
[BlackElo "1929"]
[Annotator "TA"]
[PlyCount "91"]
[EventDate "2020.10.23"]
[EventType "swiss"]
[EventCountry "SWE"]
[SourceTitle "playchess.com"]
[Source "ChessBase"]
[SourceQuality "1"]

{[%evp 21,91,26,37,12,42,21,41,23,25,0,5,2,16,19,34,38,39,48,37,49,77,76,290,7,7,8,14,0,27,6,6,6,4,6,12,0,27,5,9,6,10,6,6,6,10,4,33,32,26,26,26,46,92,110,155,0,0,2,35,34,49,48,92,97,158,77,109,120,550,558,5134,5134]} 1. d4 Nf6 2. c4 g6 3. Nf3 Bg7 4. g3 O-O 5. Bg2 d6 6. O-O Nbd7 7. Qc2 Re8 8. Rd1 e5 9. e4 exd4 10. Nxd4 Qe7 11. Nc3 c6 12. b3 {The old main line. is the legacy move (12.Bf4). E68: King's Indian: Fianchetto: 6...Nbd7 7 0-0 e5 8 e4.} a6 13. Bb2 Rb8 {[#]} 14. Re1 $146 {White is slightly better.} ({Predecessor:} 14. h3 c5 15. Nde2 b5 16. cxb5 axb5 17. Nf4 b4 18. Ncd5 Qf8 19. Rd2 Bb7 20. Rad1 Nxd5 21. Nxd5 Bxb2 22. Qxb2 Bxd5 23. Rxd5 {1-0 (34) Bitelmajer,M (2469)-Perez,M (2429) Buenos Aires 2019}) 14... c5 15. Nde2 b5 16. Nf4 bxc4 17. Ncd5 Nxd5 18. Nxd5 Qf8 19. Bxg7 Qxg7 20. Qxc4 Ne5 21. Qc3 Nc6 $2 (21... Be6 $16) 22. Rad1 $2 ({White must play} 22. Nf6+ $18 Kf8 23. e5 Rxe5 24. Ne8 $1 {[%mdl 512]} Kxe8 25. Bxc6+ Kf8 26. Qa5) 22... Qxc3 $11 23. Nxc3 Nd4 24. f3 Bb7 25. Kf2 f5 26. exf5 Nxf5 27. Bf1 Nd4 28. Bc4+ Kg7 29. f4 Rbd8 30. Rxe8 Rxe8 31. Ne2 Nf5 32. Rd3 h5 33. h3 Rd8 34. g4 hxg4 35. hxg4 Nh6 36. Be6 d5 37. g5 Nf7 38. Bxf7 $2 (38. Nc3 $1 $16) 38... Kxf7 $16 {[%mdl 4096] Endgame KRB-KRN} 39. Rh3 {Rh7+ is the strong threat.} Kg7 40. f5 gxf5 41. Nf4 {And now Ne6+ would win.} Bc8 42. Rh6 {[%mdl 1024] White has strong compensation.} d4 (42... Kg8 $142) 43. Ke2 (43. Rc6 $142 $1) 43... Re8+ {[#]} 44. Kd2 $1 Rh8 $2 {[%mdl 8192] [#]} (44... Re4 $16) 45. Rc6 $1 $18 {[%cal Rc6c7] Black must now prevent Rc7+.} a5 46. Rc7+ {Av CentiPawn Loss W=-17/B=-62. Weighted=-33/-91} 1-0

[Event "7th Uppsala Young Champions"]
[Site "Uppsala"]
[Date "2020.10.24"]
[Round "3.17"]
[White "Rozman, Monika"]
[Black "Grahn, Vidar"]
[Result "1-0"]
[WhiteElo "2129"]
[BlackElo "1864"]
[Annotator "TA"]
[PlyCount "87"]
[EventDate "2020.10.23"]
[EventType "swiss"]
[EventCountry "SWE"]
[SourceTitle "playchess.com"]
[Source "ChessBase"]
[SourceQuality "1"]

{[%evp 33,86,112,245,31,239,245,238,239,379,325,378,381,377,358,308,271,287,264,363,345,329,331,723,672,1291,846,1211,1055,648,481,481,477,461,450,597,388,1322,1276,1528,1278,12837,12835,4894,6717,12843,12843,29979,12845,29988,29989,29990,29991,29998,29999,29999]} 1. e4 c5 2. Nf3 Nc6 3. d4 cxd4 4. Nxd4 g6 5. Nc3 Bg7 6. Be3 Nf6 7. Bc4 O-O 8. Bb3 d6 9. f3 Bd7 10. Qd2 Rc8 11. O-O-O Ne5 12. g4 Nc4 13. Bxc4 Rxc4 14. h4 Qa5 15. h5 b5 16. hxg6 fxg6 17. Nb3 Qc7 {[#]} (17... Qa6 $16 {is a better defense.}) 18. Bh6 $2 {B78: Sicilian Dragon: Yugoslav Attack, 9 Bc4 Bd7 10 0-0-0 Rc8.} (18. e5 $1 $18 {[%mdl 512]}) 18... Rf7 $2 (18... Bxh6 $1 $14 19. Qxh6 Rf7) 19. Bxg7 $18 Rxg7 {[#]} 20. e5 $1 {[%cal Re5f6] White is clearly better.} b4 (20... Ne8 $142 21. Nd5 Qd8 22. exd6 exd6) 21. exf6 bxc3 22. Qd5+ Rf7 23. Rxh7 $1 {[%csl Gh7][%cal Rd5f7] [#]} e6 $146 ({Predecessor:} 23... cxb2+ 24. Kb1 e6 25. Rxf7 Kxf7 26. Qxd6 Qxd6 27. Rxd6 Ba4 28. g5 Rc7 29. Kxb2 Bc6 30. f4 Bd5 31. c3 Rc4 32. Rd7+ Kf8 33. f5 gxf5 34. g6 {1-0 (34) Gruzmann,B (2316)-Marouby,M Saint Vincent 2003}) 24. Qa8+ Bc8 25. Rh2 {aiming for Rdh1.} cxb2+ {[#]} 26. Kb1 $1 {Rdh1 is the strong threat.} (26. Kxb2 d5 $11) 26... Rh7 (26... Rxf6 $2 27. Rdh1 $18) 27. Rxh7 Kxh7 $2 (27... Qxh7 28. Rxd6 Qh1+ 29. Kxb2 Qh2 30. Rd8+ {[%mdl 64] Double Attack} (30. Qxa7 Rxc2+ 31. Kb1 Rb2+ 32. Ka1 Rxa2+ 33. Qxa2 Qxd6 $16) 30... Kf7 31. Qxa7+ Rc7) 28. Nd4 {Hoping for Nxe6!} Qf7 29. Nc6 Qc7 30. Ne7 {[%cal Rd1h1]} Kh6 31. Qxc8 {[%mdl 64] Overworked Piece} ({Stronger than} 31. Nxc8 Rxc2 32. g5+ (32. Rh1+ Kg5 $17) 32... Kxg5 $11) 31... Qxc8 32. Nxc8 Rxc8 33. Rxd6 {[%mdl 4096] Endgame KR-KR} Re8 34. c4 Kg5 $2 (34... Rc8 35. Rxe6 (35. Kxb2 Rxc4 36. Rxe6 Rf4 $18) 35... Rxc4) 35. f7 Rf8 36. Rd7 a5 37. c5 a4 38. Kxb2 Rb8+ 39. Ka3 Kf6 40. c6 Kg7 41. c7 {White mates.} Rc8 42. Rd8 Rxc7 43. f8=Q+ Kh7 44. Qh8# {White took control after the opening. Av CentiPawn Loss W=-33/B=48. Weighted=-48/147} 1-0

[Event "7th Uppsala Young Champions"]
[Site "Uppsala"]
[Date "2020.10.24"]
[Round "3.18"]
[White "Olsson, William"]
[Black "Skahlberg Bjerknes-Lima de Far, Warg"]
[Result "1-0"]
[WhiteElo "2192"]
[BlackElo "1759"]
[Annotator "TA"]
[PlyCount "75"]
[EventDate "2020.10.23"]
[EventType "swiss"]
[EventCountry "SWE"]
[SourceTitle "playchess.com"]
[Source "ChessBase"]
[SourceQuality "1"]

{[%evp 14,74,37,18,73,50,53,48,52,43,26,4,49,49,87,85,154,86,79,74,108,38,43,61,68,75,69,78,98,91,142,-32,42,0,-5,0,164,158,269,281,265,234,458,446,542,543,502,535,678,529,515,520,720,556,1351,1349,1315,1320,1260,1250,1219,1172,29999]} 1. c4 Nf6 2. Nc3 c5 3. g3 g6 4. Bg2 Nc6 5. e3 Bg7 6. Nge2 O-O 7. O-O d6 8. d4 Nd7 {E61: King's Indian: Early deviations for White, including Smyslov System.} (8... cxd4 $11 9. exd4 Bf5) 9. Rb1 {[#]} cxd4 $146 ({Predecessor:} 9... Rb8 10. b3 a6 11. h3 Na7 12. a4 b5 13. axb5 axb5 14. Ra1 cxd4 15. Nxd4 Bxd4 16. Qxd4 {1-0 (32) Takahashi,H (1836)-Danzanjunai,G (1462) Zhengzhou 2019}) 10. exd4 e5 {[%cal Re5d4] White is slightly better.} 11. d5 Ne7 12. Be3 f5 13. f4 a5 14. b3 b6 (14... Nf6 $142) 15. Kh1 ({Better is} 15. fxe5 Nxe5 16. Nd4) 15... Bb7 16. Qd2 Kh8 17. h3 (17. Nb5 $16) 17... Ng8 $14 18. Kh2 Re8 19. Nb5 Nc5 20. Nec3 Rc8 21. a3 {[%cal Ba2a3,Ba3b4][%mdl 32]} Nf6 22. Qa2 $2 (22. b4 $16 axb4 23. axb4) 22... Qe7 (22... Nh5 $15) 23. b4 axb4 24. axb4 Ra8 $2 {[#]} (24... Nd3 $1 $11 {and Black is okay.}) 25. Qc2 $1 $18 exf4 (25... Nce4 $16 {might work better.}) 26. Bxf4 ({And not} 26. bxc5 Ng4+ 27. hxg4 fxg3+ 28. Kxg3 Qxe3+ 29. Bf3 fxg4 $17) 26... Nce4 27. Rbe1 Red8 $2 (27... Rad8 28. Bg5 Ng4+ 29. hxg4 Qxg5 30. Bxe4 Be5) 28. Nxe4 Nxe4 29. Bxe4 fxe4 30. Rxe4 Qf7 {If only Black now had time for ...g5....} 31. Ree1 {[%cal Be4e1,Be1f1,Bf1f2,Bf2f7][%mdl 32]} Qd7 32. Nxd6 Ba6 33. Rf2 g5 34. Be5 {[#] Black must now prevent Nf7+.} Rf8 35. Ref1 {Threatening mate with Rxf8+.} Rxf2+ 36. Rxf2 {White wants to mate with Rf7!} Bxe5 37. Rf7 {[%csl Gf7][%cal Rc2h7]} Qxd6 38. Qxh7# {Av CentiPawn Loss W=67/B=-96. Weighted=29/-124} 1-0

[Event "7th Uppsala Young Champions"]
[Site "Uppsala"]
[Date "2020.10.24"]
[Round "3.19"]
[White "Ostensson, Julia"]
[Black "Muntean, Victor"]
[Result "0-1"]
[WhiteElo "1562"]
[BlackElo "1968"]
[Annotator "TA"]
[PlyCount "104"]
[EventDate "2020.10.23"]
[EventType "swiss"]
[EventCountry "SWE"]
[SourceTitle "playchess.com"]
[Source "ChessBase"]
[SourceQuality "1"]

{[%evp 13,104,22,13,13,24,0,0,0,5,-8,-6,-12,-14,-19,11,-14,129,-16,17,18,35,0,29,11,22,28,6,-61,-27,-81,-29,-92,304,86,70,14,27,-48,-42,-91,-72,-107,172,136,196,16,26,27,25,0,0,0,2,0,0,-18,40,35,342,50,52,58,79,8,63,8,8,0,8,8,8,0,0,0,0,0,0,0,0,-77,-8,-8,-8,-12,-8,-356,-44,-29991,-29992,-29995,-29996,-29997,-29995]} 1. e4 e5 2. Nf3 Nc6 3. Bb5 a6 4. Ba4 Nf6 5. d3 b5 6. Bb3 d6 7. c3 Be7 8. Nbd2 {C77: Ruy Lopez: 3...a6 4 Ba4 Nf6, unusual lines.} h6 9. Qe2 Na5 10. Bc2 {The position is equal.} c5 {[#]} 11. h3 $146 ({Predecessor:} 11. Nf1 Qc7 12. Ne3 g6 13. O-O Be6 14. h3 Nc6 15. Nh2 d5 16. exd5 Nxd5 17. Nxd5 Bxd5 {1-0 (29) Lukasiewicz,A (2097)-Szamrej,J (1808) Polanica Zdroj 2010}) 11... Be6 12. Nf1 Nc6 13. Ng3 Qc7 14. O-O O-O-O (14... O-O $11) 15. c4 (15. a4 $16) 15... g5 16. cxb5 axb5 17. Bb3 g4 (17... Rdg8 {keeps more tension.} 18. Bxe6+ fxe6 19. b4 Nxb4 20. a4 bxa4 21. Rxa4 Nc6) 18. Bxe6+ fxe6 19. hxg4 Nxg4 20. d4 (20. b4 $11) 20... exd4 $15 21. Qxb5 (21. Nh5 $1 $11) 21... h5 ({Black should try} 21... Kd7 $17 22. Nh5 Rb8) 22. b4 (22. Ne2 $1 $11) 22... d5 $2 {[%mdl 8192]} (22... cxb4 23. Bb2 $16) (22... Nxb4 $6 23. Nxd4 $1 {[%mdl 512]} Qd7 24. Qa5 $11) (22... h4 $17 23. Ne2 h3) 23. exd5 $2 (23. bxc5 $18 {is the precise move to win. Black must now prevent Bf4!} h4 24. Ne2 (24. Bf4 Qb7 $14) 24... dxe4 25. Rb1 (25. Bf4 e5 $18) 25... exf3 26. Qa6+ Kd7 27. Rb7) 23... Rxd5 $16 24. Qa6+ (24. Bf4 $14 Qb7 25. Qxb7+ Kxb7 26. bxc5) 24... Kd7 $11 25. Re1 (25. bxc5 $11 Qc8 26. Qxc8+ Rxc8 27. Rb1) 25... h4 $15 (25... cxb4 $6 26. Qe2 $11) 26. Qe2 Nce5 (26... Nxb4 27. Qxe6+ Kd8 28. Nf5 $16) 27. Nxe5+ Rxe5 $4 {[%mdl 8192]} (27... Nxe5 $17 {and life is bright.} 28. Ne4 h3) 28. Ne4 $18 Ne3 (28... Rg8 $16 {keeps fighting.}) 29. Nxc5+ $2 (29. Qd3 $1 $18 h3 30. Rxe3 (30. fxe3 $2 hxg2 31. Ng3 Rg5 $19) (30. bxc5 Nxg2 31. Re2 Rg8 $16) (30. Bxe3 Rd5 $16)) 29... Bxc5 $11 30. fxe3 Bxb4 31. Rd1 Bc3 32. Bb2 {And now Rac1 would win.} h3 $132 {[%mdl 2048] Black is not keeping still} 33. Bxc3 Qxc3 34. Qd2 {Threatens to win with Qxc3.} h2+ (34... Rd5 $11 35. Qxc3 h2+ 36. Kh1 dxc3) 35. Kh1 $14 Qxe3 $2 {[%mdl 8192]} (35... Qxd2 $14 36. Rxd2 Rxe3) 36. Qxe3 $2 ({And not} 36. Qxd4+ Qxd4 37. Rxd4+ Rd5 $11) (36. Qb4 $18 Rc8 37. Re1 (37. Qxd4+ Qxd4 38. Rxd4+ Rd5 $14)) 36... Rxe3 37. Rxd4+ {[%mdl 4096] Endgame KRR-KRR} Ke7 38. Rd2 (38. a4 $1 $16) 38... Kf6 (38... Ra3 $11) 39. Rf1+ (39. a4 $14) 39... Kg5 40. Rdf2 Rh5 41. Rc2 e5 42. Rcf2 Kg4 43. Rc2 e4 44. Rcf2 Kg3 45. Rf6 {White wants to mate with Rg6+.} Rg5 46. R6f4 {[#]} (46. Rh6 $11 {keeps the balance.} Re2 47. Rh3+ Kg4 48. Kxh2) 46... Re2 (46... Re1 $1 $17 {[%cal Re1f1] aiming for ...Rxf1+.} 47. Rxe1 Kxf4) 47. a4 $11 Rxg2 {( -> ...Kh3)} 48. Rf7 Re2 {With the idea ...e3.} 49. Ra7 $2 {[%mdl 8192] [#]} (49. a5 $11 {and White stays safe.}) 49... e3 $2 ({Black should play} 49... Rf2 $1 $19 {[%cal Rf2f1]} 50. Re1 Ra2) 50. Raf7 $2 {[%mdl 8192]} (50. Re7 $15) 50... Rf2 {Black mates.} 51. R7xf2 exf2 52. a5 Kf3 {What a fight! Av CentiPawn Loss W=-66/B=-44. Weighted=-81/-69} 0-1

[Event "7th Uppsala Young Champions"]
[Site "Uppsala"]
[Date "2020.10.25"]
[Round "4.1"]
[White "Kusa, Jakub"]
[Black "Pantzar, Milton"]
[Result "1/2-1/2"]
[WhiteElo "2233"]
[BlackElo "2410"]
[Annotator "TA"]
[PlyCount "101"]
[EventDate "2020.10.23"]
[EventType "swiss"]
[EventCountry "SWE"]
[SourceTitle "playchess.com"]
[Source "ChessBase"]
[SourceQuality "1"]

{[%evp 9,100,35,38,6,14,19,33,10,35,27,28,0,0,-22,-3,-13,0,-42,-45,-42,-14,-41,-9,-63,-57,-67,-57,-57,-59,-60,-60,-62,-60,-62,-60,-62,-60,-60,-60,-64,-49,-50,-36,-51,-33,-37,-26,-45,-25,-28,-29,-29,-29,-32,-30,-48,-29,-21,-9,-11,0,0,0,0,0,0,0,0,0,-4,-4,-4,-4,-25,-25,-25,-25,-25,-25,-25,-25,-25,-25,-25,0,0,0,0,0,-29990,0,0,0]} 1. e4 c6 2. Nc3 d5 3. Nf3 dxe4 4. Nxe4 Nf6 5. Qe2 Bg4 6. d3 {B11: Caro-Kann: Two Knights Variation.} e6 7. h3 Bh5 8. g4 {White is slightly better.} Bg6 9. Bg2 Nbd7 10. Bf4 {[#]} Nxe4 $146 ({Predecessor:} 10... Qa5+ 11. Nfd2 Nxe4 12. dxe4 e5 13. Bg3 h5 14. a3 f6 15. O-O Bf7 16. Rfd1 hxg4 17. hxg4 {0-1 (31) Wall,G (2348)-Rogers,I (2528) Birmingham 2001}) 11. dxe4 Qa5+ 12. c3 e5 13. Bd2 Be7 14. O-O O-O 15. Rfd1 Rfd8 16. c4 ({Better is} 16. h4 $11 h5 17. g5) 16... Qc7 $15 17. Bc3 f6 18. Nh4 Bf7 19. Nf5 Nf8 20. b3 Ne6 21. Rxd8+ Rxd8 22. Rd1 Bf8 23. Rxd8 Qxd8 24. Qd2 Qxd2 25. Bxd2 g6 26. Ng3 Bc5 27. Ne2 Kf8 28. Kf1 Ke7 29. f4 exf4 30. Nxf4 Nxf4 31. Bxf4 $11 {[%mdl 4096] Endgame KBB-KBB} g5 32. Bg3 Bd6 33. Bf2 a5 34. Ke2 a4 35. Kd3 axb3 36. axb3 h5 37. Bf3 h4 38. Bd4 Be5 39. Bxe5 fxe5 {KB-KB} 40. b4 Kd6 41. Be2 c5 42. b5 Kc7 43. Kc3 Kb6 44. Kb3 Ka5 45. Bd3 Be6 46. Be2 b6 47. Bd3 Bxg4 48. hxg4 h3 49. Bf1 $1 h2 50. Bg2 h1=B 51. Bxh1 {Av CentiPawn Loss W=720/B=-50. Weighted=582/-31} 1/2-1/2

[Event "7th Uppsala Young Champions"]
[Site "Uppsala"]
[Date "2020.10.25"]
[Round "4.2"]
[White "Storme, Isak"]
[Black "Radeva, Viktoria"]
[Result "1-0"]
[WhiteElo "2393"]
[BlackElo "2263"]
[Annotator "TA"]
[PlyCount "73"]
[EventDate "2020.10.23"]
[EventType "swiss"]
[EventCountry "SWE"]
[SourceTitle "playchess.com"]
[Source "ChessBase"]
[SourceQuality "1"]

{[%evp 15,73,8,21,9,10,0,13,10,20,8,13,16,25,4,0,-37,-16,-29,-35,-41,-39,-69,-67,-84,-73,-148,-123,-148,-135,-249,-162,-227,0,0,0,-20,-26,-60,-43,-36,-2,0,0,0,18,21,5,6,56,7,14,-36,14,6,341,108,29972,29974,29997,29998]} 1. c4 e6 2. Nf3 d5 3. g3 Nf6 4. Bg2 dxc4 5. Qa4+ c6 6. Qxc4 b5 7. Qc2 Bb7 8. O-O Be7 9. Nc3 {A13: English Opening: 1...e6.} O-O 10. a4 a6 11. d3 {The position is equal.} Nbd7 12. e4 b4 13. Nb1 a5 14. Nbd2 {[#]} Nc5 $146 ({Predecessor:} 14... Ba6 15. Rd1 Nc5 16. Nc4 b3 17. Qe2 Nxd3 18. Rxd3 Bxc4 19. Rxd8 Bxe2 20. Rxa8 Rxa8 {½-½ (59) Artemiev,V (2677)-Blagojevic,D (2462) Skopje 2017}) 15. d4 Ncd7 $1 16. e5 Nd5 17. Ne4 c5 $36 {[%mdl 2048] White is under pressure.} 18. Neg5 {[%csl Gg5][%cal Rc2h7]} g6 19. h4 cxd4 20. Re1 (20. Nxd4 $142 Nxe5 21. Qe2) 20... Rc8 21. Qd2 b3 {[#] aiming for ...Rc2.} 22. Ne4 (22. Nxh7 $1 $17 {[%mdl 512] was necessary.} Rxc1 (22... Kxh7 23. Qh6+) 23. Raxc1 Kxh7 24. Qxd4) 22... Re8 23. Qxd4 {[#]} (23. Rd1 $142) 23... Nc5 $2 ({Better is} 23... Nb4 $1 $19 {[%cal Rb4c2] Strongly threatening ...Nc2.} 24. Rd1 Nc2 25. Qxd7 Qxd7 26. Rxd7 Bxe4) 24. Nd6 $1 $11 {[%cal Rd6e8]} Nb4 25. Nxc8 Qxc8 26. Bg5 Nc2 27. Qc3 Nxe1 28. Rxe1 {next Bxe7 is good for White.} Bxg5 (28... Bf8 {feels hotter.} 29. Qxa5 Nd3 30. Re2 Ba6 31. Qb6 Bc5) 29. hxg5 Nxa4 30. Qxb3 Nc5 31. Qa3 {Threatens to win with Rc1.} Qc7 32. Nh2 {With the idea Bxb7.} Bxg2 33. Ng4 {Black must now prevent Nf6+.} Rd8 34. Kxg2 Qc6+ $2 {[%mdl 8192] [#]} (34... Qb7+ $11 {and Black is okay.} 35. Kh2 Nb3) 35. Kh2 $2 (35. Kh3 $1 $18) 35... Nd3 $2 {[%mdl 8192]} (35... Rd3 $16 36. Qxa5 Kg7) 36. Qe7 Nxe1 37. Nh6+ {[%mdl 64] Double Attack. White used his chance. Av CentiPawn Loss W=-28/B=-68. Weighted=-31/-103} 1-0

[Event "7th Uppsala Young Champions"]
[Site "Uppsala"]
[Date "2020.10.25"]
[Round "4.3"]
[White "Kucuksari, Kaan"]
[Black "Sorensen, Hampus"]
[Result "0-1"]
[WhiteElo "2384"]
[BlackElo "2393"]
[Annotator "TA"]
[PlyCount "96"]
[EventDate "2020.10.23"]
[EventType "swiss"]
[EventCountry "SWE"]
[SourceTitle "playchess.com"]
[Source "ChessBase"]
[SourceQuality "1"]

{[%evp 9,96,23,28,25,25,25,34,27,28,22,12,22,33,-29,-33,-27,-39,-128,-124,-124,-106,-179,-113,-102,-113,-118,-109,-125,-124,-389,-389,-429,-460,-706,-583,-577,-260,-235,-39,-41,0,0,0,-41,-39,-109,-109,-109,-109,-109,-103,-103,-51,-71,-45,-54,44,0,0,-35,0,0,0,-208,0,-305,-298,-485,0,0,0,0,0,0,577,-29981,-29982,-29982,-29983,-29983,-29984,-29986,-29987,-29996,-29997,-29997,-29992,-29998,-29999]} 1. d4 Nf6 2. c4 c5 3. d5 b5 4. cxb5 a6 5. bxa6 e6 $1 6. dxe6 {A58: Benko/Volga Gambit: Lines with 5 bxa6.} fxe6 7. Nc3 Bxa6 8. e4 {Bxa6 is the strong threat.White is slightly better.} Bxf1 9. Kxf1 Nc6 10. Nf3 Be7 11. e5 ({White should play} 11. g3 $1 $14) 11... Ng4 $11 {[#]} 12. Qe2 $146 ({Predecessor:} 12. Ne4 O-O 13. h3 Ngxe5 14. Nxe5 Nxe5 15. Be3 Qb6 16. Qe2 d5 17. Ng3 Nc4 18. b3 Nxe3+ 19. Qxe3 Bf6 20. Rc1 Bd4 {0-1 (20) Stothard,D (1431)-D'Aragona,V (1316) IECC email 2009}) 12... Qb8 13. Bf4 (13. h3 $1 $15 Ngxe5 14. Bf4) 13... O-O $17 {[%mdl 1024] Black has strong compensation.} 14. g3 Qb7 {White must now prevent ...Nd4.} 15. Ne4 (15. Kg1 $17 {might work better.}) 15... Ra4 (15... Rf5 $1 $19 {[%cal Rg4e5]} 16. Kg2 Ngxe5 17. Nxe5 Nxe5) 16. b3 Nd4 17. Nxd4 Rxd4 18. Re1 {[#]} g5 $1 {[%mdl 512]} 19. Qf3 $2 {[%mdl 8192]} (19. Kg1 $17) (19. Nxg5 Qxh1#) 19... Qa6+ $19 20. Kg2 Nxe5 $1 {[%mdl 64] Pin} 21. Qh5 (21. Bxe5 $142 Rxf3 22. Bxd4 cxd4 23. Kxf3) 21... gxf4 22. Qxe5 Qb7 (22... f3+ $142 23. Kg1 Qa5) 23. g4 Bf6 $2 (23... Rd5 $19 24. Qc3 f3+ 25. Kg1 Rf4) 24. Qxf4 $15 Bh4 25. Qe5 Bf6 (25... Rd5 $5 26. Qc3 $8 Rf4 $11) 26. Qf4 Qd5 27. f3 (27. Rhf1 $15) 27... Bh4 $17 28. Qh6 Bxe1 29. Rxe1 Qe5 30. Re2 Rd3 $40 {[%mdl 128] Black has some attack.} (30... c4 $17 31. bxc4 Rxc4) 31. g5 {White wants to play Nf6+.} d6 ({Of course not} 31... Rfxf3 32. Nf6+ Rxf6 33. Rxe5 $11) 32. Rf2 {aiming for Nf6+.} Rd5 (32... Rf7 $15) 33. h4 {White wants to mate with Nf6+.} Qf5 $1 34. h5 Kf7 35. g6+ $1 hxg6 36. Qh7+ Ke8 37. hxg6 $2 {[%mdl 8192]} (37. Qc7 $1 $11) 37... Rd4 $1 $19 {[%cal Rd4e4] And now ...Rxe4 would win.} 38. Ng3 $2 {[#]} (38. Qb7 Qxg6+ 39. Kf1) 38... Qd3 $2 (38... Rg4 $1 $19 {[%mdl 512]} 39. Qf7+ (39. fxg4 Qxf2+) 39... Rxf7 40. gxf7+ Kf8 41. fxg4 Qxg4) 39. Nh5 {Strongly threatening Ng7+.} Rg4+ 40. fxg4 {White threatens Rxf8+ and mate.} Qe4+ {[%mdl 64] Double Attack} 41. Kh3 {Rxf8+ would kill now.} Rxf2 $4 $11 {[%mdl 12288] Endgame KQR-KQN} (41... Qh1+ $11 {and Black is okay.} 42. Rh2 Rf3+ 43. Ng3 Qe1 44. Qh8+ Kd7 45. Qh7+ Ke8 46. Qh8+ Kd7 47. Qh7+ Ke8) 42. Ng3 $4 {[%mdl 8192]} (42. Ng7+ $18 Kd7 43. Nf5+ Kc6 {[#]} 44. Qb7+ $1 {[%mdl 576] Deflection, Decoy} Kxb7 45. Nxd6+ {[%mdl 64] Double Attack} Kb6 46. Nxe4) 42... Qg2+ {Black mates.} 43. Kh4 Qh2+ 44. Kg5 Qxg3 45. Qh8+ Rf8 46. Qh5 Qf4+ 47. Kh4 Qf6+ 48. Kg3 Qf2+ {[%mdl 64] Double Attack. Av CentiPawn Loss W=-57/B=-50. Weighted=-78/-68} 0-1

[Event "7th Uppsala Young Champions"]
[Site "Uppsala"]
[Date "2020.10.25"]
[Round "4.4"]
[White "Hrescak, Ivana"]
[Black "Blohberger, Felix"]
[Result "0-1"]
[WhiteElo "2237"]
[BlackElo "2467"]
[Annotator "TA"]
[PlyCount "102"]
[EventDate "2020.10.23"]
[EventType "swiss"]
[EventCountry "SWE"]
[SourceTitle "playchess.com"]
[Source "ChessBase"]
[SourceQuality "1"]

{[%evp 16,102,9,6,20,0,0,10,22,25,29,16,37,-6,-4,-8,-7,-12,-10,-6,-6,-11,15,-29,-6,-11,0,0,0,-52,0,-72,-13,-72,-77,-77,-71,-71,-69,-102,-100,-104,-100,-109,-110,-104,-99,-109,-104,-171,-171,-171,-116,-116,-116,-115,-115,-115,-114,-203,-200,-204,-204,-250,-221,-221,-221,-221,-221,-221,-221,-220,-217,-198,-150,-159,-163,-286,-269,-320,-325,-323,-318,-318,-325,-319,-323,-948,-947]} 1. d4 Nf6 2. c4 e6 3. Nc3 Bb4 4. e3 b6 5. Nge2 Ne4 6. Qc2 Bb7 7. a3 Bxc3+ 8. Nxc3 Nxc3 9. Qxc3 d6 {E44: Nimzo-Indian: Rubinstein: 4...b6 5 Ne2.} 10. b3 Nd7 11. Bb2 Qh4 {The position is equal.} 12. d5 O-O-O 13. Rd1 {[#]} f5 $146 ({Predecessor:} 13... Rde8 14. Be2 Qg5 15. Qxg7 Qxg7 16. Bxg7 Rhg8 17. Bb2 Rxg2 18. Bf3 Rgg8 19. b4 Ba6 {½-½ (28) Meiners,E (2381)-Miettinen,K (2453) ICCF email 2018}) 14. Rd4 Qg5 15. g3 Kb8 16. Bg2 e5 17. Rd2 Rde8 18. Kd1 f4 19. Kc1 Nf6 20. e4 (20. h4 $5 {[%cal Rh4g5]} Qh6 21. exf4 $11) 20... h5 21. h3 Ref8 22. Kb1 ({White should play} 22. Re1 $11) 22... Rf7 (22... h4 $1 $15 23. g4 f3 24. Bxf3 Qf4) 23. Ka2 (23. Rd3 $11) 23... Rhf8 (23... h4 $1 $17 {[%cal Rf4g3]} 24. g4 f3 25. Bxf3 Qf4) 24. Rc1 (24. Re1 $11 {remains equal.}) 24... h4 $17 {[%cal Rh4g3]} 25. g4 f3 $1 26. Bxf3 Qf4 $1 27. Re2 Nxd5 $1 28. cxd5 {Black must now prevent Bg2.} Qxf3 29. Re3 Qxf2 30. Rc2 Qf1 31. Re1 Qb5 32. Bc1 {[#]} (32. a4 $17 {is a better defense.} Qd7 33. Rec1) 32... Qc5 $1 $19 33. Qb2 {[#]} Rf2 (33... Qd4 $1 $19 34. Qc3 Qxc3 35. Rxc3 Rf3 36. Rxf3 Rxf3) 34. Rxc5 $17 Rxb2+ 35. Kxb2 bxc5 {[%mdl 4096] Endgame KRB-KRB} 36. Bg5 Rf3 37. Bxh4 (37. Re3 $17 Rxe3 38. Bxe3) 37... Rxh3 38. Be7 Ba6 39. Kc2 Kc8 40. Bf8 g6 41. Be7 c4 42. bxc4 Bxc4 43. a4 Bb3+ 44. Kd2 Bxa4 45. Ra1 Rh2+ 46. Ke3 (46. Kc3 $142 Rh3+ 47. Kd2) 46... Bc2 $19 47. Rxa7 {Now Ra8+ and White clings on.} Rh3+ 48. Ke2 Bd3+ 49. Kf2 Bxe4 50. Ra8+ Kd7 51. Bf6 $2 (51. Bg5 Bxd5 52. Rd8+ Kc6 53. Rf8) 51... Rf3+ {[%mdl 64] Double Attack. Av CentiPawn Loss W=-31/B=-9. Weighted=-31/-11} 0-1